Albums by Stone Temple Pilots - Statistics

General Stats
  • This quiz has been taken 74 times
  • The average score is 5 of 8
Answer Stats
Year Album % Correct
1992 Core
98%
1994 Purple
97%
1996 Tiny Music... Songs from the Vatican Gift Shop
72%
1999 No. 4
71%
2010 Stone Temple Pilots
57%
2018 Stone Temple Pilots
57%
2001 Shangri-La Dee Da
42%
2020 Perdida
38%
No matching quizzes found
Score Distribution
Percent of People with Each Score
Percentile by Number Answered
Your Score History
You have not taken this quiz